Statistics for Fictional Characters by Picture - Z

Click here to take the quiz!

General Stats

  • This quiz has been taken 924 times
    (522 since last reset)
  • The average score is 7 of 16

Answer Stats

Answer% Correct
Zeus
95%
Zorro
79%
Zelda
72%
Zack Martin
64%
Zombie
52%
Zazu
51%
Zapp Brannigan
47%
Zurg
40%
Ziggy Stardust
38%
Zuko
38%
Zapdos
37%
Zach Mitchell
36%
Zangief
18%
Zephyrus
15%
Zebedee
13%
Zero
10%

Score Distribution

Percentile by Number Answered

Percent of People with Each Score

Your Score History

You have not taken this quiz since the last reset